|
|
|
|
| LEADER |
00000nab a2200000 a 4500 |
| 001 |
vtls009342913 |
| 003 |
SK-MaSNL |
| 005 |
20260305035248.0 |
| 008 |
081006 1973 xo |00 0 slo |
| 015 |
|
|
|a SNBRB1973
|
| 040 |
|
|
|a SNKBUCL
|b slo
|c SNKBUCL
|e AACR2
|
| 041 |
0 |
|
|a slo
|
| 044 |
|
|
|a xo
|c SK
|
| 080 |
|
|
|a 796.86.015
|2 2001
|
| 100 |
1 |
|
|a Kogler, Aladár
|4 aut
|9 418163
|
| 245 |
1 |
0 |
|a Cvičenie šermiarov vo dvojiciach
|c Aladár Kogler
|
| 300 |
|
|
|b Obr.
|
| 650 |
0 |
7 |
|a šerm
|2 snkbucl
|9 3252
|
| 650 |
0 |
7 |
|a športový tréning
|2 snkbucl
|9 163263
|
| 773 |
0 |
|
|t Tréner
|g Roč. 17, č. 3 (1973), s. 134-135
|
| 999 |
|
|
|c 3332940
|d 3334870
|